000 00234 a2200097 4500
090 _c3948
_d3948
100 _aMike Mcgrath
245 _aJAVA 2 in easy steps
260 _aDreamtech Press
_bNew Delhi
_c2001
942 _aNBS
_cBK
_k005.3 MCG
999 _c346408
_d346408